000 007660000a22002530004500
001 12861
010 _a972-20-1049-2
090 _a12861
100 _a20041012d1993 m y0pory5003 ba
101 0 _apor
102 _aPT
200 1 _aTrilogia da mão
_fMário Cláudio
205 _a1ª ed. conjunta
210 _aLisboa
_cDom Quixote
_d1993
215 _a371, [2] p
225 2 _aAutores de língua portuguesa
_iObras de Mário Cláudio
314 _aMário Cláudio é pseudónimo de Rui Manuel Pinto Barbot
517 1 _aAmadeo
517 _aGuilhermina
517 _aRosa
675 _a821.134.3-31"19"
_vBN
_zpor
700 1 _aCláudio
_bMário
_cpseud.
942 _cMON
_n0
999 _a12861
_bBibliobase - BMTAV
_c2019-01-21